000 00420nam a2200181Ia 4500
001 9728
005 20260306161739.0
008 260306t1995||||xx |||||||||||||| ||spa||
041 _aESP
082 _a410
_bC65
100 _aCisneros V., Luis Jaime
_eAUT
245 0 _aEl funcionamiento del lenguaje
260 _c1995
300 _a252 páginas :
_c
650 _aGEN
654 _aCED
942 _cLIB
_dJUS
_fJUS
_2ddc
_n
999 _c9728
_d9728